Statistics for Isolated Cities Quiz

Click here to take the quiz!

General Stats

  • This quiz has been taken 32 times
  • The average score is 16 of 20

Answers on the Map

Answers color-coded by a green-red scale on the quiz's map according to % correct below.
 

Answer Stats

City% Correct
Auckland
100%
Perth
100%
Reykjavik
100%
Lima
93%
Riyadh
93%
Ulaanbaatar
93%
Khartoum
90%
Anchorage
86%
Denver
86%
Nuuk
79%
Windhoek
79%
Alice Springs
76%
Manaus
72%
Nur-Sultan
72%
Sapporo
72%
Timbuktu
62%
Murmansk
59%
Urumqi
55%
Iqaluit
48%
Arkhangelsk
41%

Score Distribution

Percentile by Number Answered

Percent of People with Each Score

Your Score History

You have not taken this quiz